000 00276nam a2200121 a 4500
008 110105s1961|||| d
245 1 0 _aŽivot Karola Marxa
260 _bSVPL
_aBratislava
_c1961
020 _c17
041 _aslo
044 _axo
_cSK
100 1 _aMehring, Franz
999 _c15527
_d15527